| 000 | 00435nam a2200121Ia 4500 | ||
|---|---|---|---|
| 008 | 220615s9999||||xx |||||||||||||| ||und|| | ||
| 245 | 0 |
_aGoing green _bWho is investing in energy efficiency, and why it matters |
|
| 546 | _aEnglish[eng] | ||
| 650 | _aBusiness & Economics||Finance||General | ||
| 700 | _aInvestment Bank, European | ||
| 856 | _uhttps://library.oapen.org/bitstream/20.500.12657/43371/1/external_content.epub | ||
| 942 | _cEB | ||
| 999 |
_c17599 _d17599 |
||